Culture Générale - Série 457 - Statistiques

Statistiques générales
  • Ce quiz a été pris 190 fois
  • Le résultat moyen est 4 sur 10
Statistiques - réponses
Question Réponse % Correct
Combien de cartes forment une main au poker ? 5
89%
Quel chanteur français a remporté un tournoi mondial de poker à Las Vegas en 1998 ? Patrick Bruel
85%
Quel roi règne sur Célesteville ? Babar
77%
Au poker, quel mot anglais désigne une série de cinq cartes de la même couleur ? Flush
46%
Sur quelle capitale le roi Arthur régnait‐il ? Camelot
39%
Dans quel film James Bond doit‐il battre son ennemi, Le Chiffre, au poker ? Casino Royale
39%
Quel docteur règne sur une île peuplée de créatures monstrueuses, dans un roman de H.G. Wells paru en 1896 ? docteur Moreau
20%
Quel pays imaginaire a pour capitale la cité d'Emeraude, dans un roman publié en 1900 ? Oz
13%
Quel capitaine de roman a enterré son butin sur "l'île au trésor" ? capitaine Flint
8%
Au poker, quelle expression française est synonyme de full ? Main pleine
6%
Aucun quiz correspondant
Distribution des résultats
% des personnes avec chaque résultat
Percentile par nombre de réponses
Votre historique - résultats
Vous n’avez pas pris ce quiz